- Éxito
Entrada Tema o Materia
Número de registros utilizados en: 1
001 - NUMERO DE CONTROL
- Campo de control: 7319
003 - IDENTIFICADOR DEL NUMERO DE CONTROL
- Campo de control: SpMaBN
005 - HORA Y FECHA DE LA ULTIMA TRANSACCIÓN
- Campo de control: 20220708172041.0
008 - CAMPO DE LONGITUD FIJA
- Campo fijo de descripción fija: 901201nn anznnbabn n ana
016 ## -
- : BNE19901275016
024 7# -
- : http://id.loc.gov/authorities/subjects/sh88004901
- : lcsh
024 7# -
- : http://lemac.sgcb.mcu.es/Autoridades/LEMAC201233200/concept
- : lemac
040 ## -
- : SpMaBN
- : spa
- : SpMaBN
- : rdc
- : embne
042 ## -
- : 20111202
150 ## - ENCABEZAMIENTO DE MATERIA-TEMA
- Téma o Materia: Éxito
- Subdivisión General: Aspectos religiosos
360 ## - REFERENCIA COMPLEJA DE "VÉASE ADEMÁS" - MATERIA
- Texto explicativo: Véase además el encabezamiento
- Encabezamiento hacia el que refiere el envío: Éxito-Aspectos religiosos
- Texto explicativo: seguido de subencabezamiento de denominación religiosa
- Encabezamiento hacia el que refiere el envío: Éxito-Aspectos religiosos-Budismo
550 ## - REFERENCIA DE ENVIO "VEASE ADEMAS" - MATERIA
- Encabezamiento temático o nombre geográfico como elemento de entrada: Autorrealización
- Subdivisión General: Aspectos religiosos
550 ## - REFERENCIA DE ENVIO "VEASE ADEMAS" - MATERIA
- Encabezamiento temático o nombre geográfico como elemento de entrada: Éxito
- Subdivisión General: Enseñanza bíblica
550 ## - REFERENCIA DE ENVIO "VEASE ADEMAS" - MATERIA
- Encabezamiento temático o nombre geográfico como elemento de entrada: Motivación
- Subdivisión General: Aspectos religiosos
670 ## - FUENTE EN LA QUE SE LOCALIZARON DATOS
- Cita de la fuente : LCSH
- Información localizada : (Success-Religious aspects)
750 #7 - ASIENTO LIGADO AL ENCABEZAMIENTO - TEMATICO
- Encabezamiento temático : Success-Religious aspects
- Source of heading or term: lcsh
750 #7 - ASIENTO LIGADO AL ENCABEZAMIENTO - TEMATICO
- Encabezamiento temático : Èxit-Aspectes religiosos
- Source of heading or term: lemac
901 ## -
- : LAEMBNE
961 ## -
- : Éxito
- : Aspectos religiosos
